Gipuzkoako udalerriak Quiz Stats

 Plays Quiz not verified by Sporcle

Support Sporcle.
Go Orange.
Score 0/89 Timer 10:00
0 Plays Today
Answer % Correct
Irun
100%
Arrasate
98.5%
Donostia-San Sebastian
98.5%
Azkoitia
96.9%
Azpeitia
96.9%
Bergara
96.9%
Eibar
96.9%
Zarautz
96.9%
Errenteria
95.4%
Hernani
95.4%
Hondarribia
95.4%
Zumaia
95.4%
Zumarraga
95.4%
Deba
93.8%
Elgoibar
93.8%
Orio
93.8%
Aia
92.3%
Lezo
92.3%
Mutriku
92.3%
Pasaia
92.3%
Tolosa
92.3%
Getaria
90.8%
Andoain
89.2%
Lasarte-Oria
89.2%
Usurbil
89.2%
Beasain
87.7%
Legazpi
87.7%
Zestoa
87.7%
Zizurkil
87.7%
Aretxabaleta
86.2%
Answer % Correct
Mendaro
86.2%
Oiartzun
86.2%
Ordizia
86.2%
Astigarraga
84.6%
Oñati
84.6%
Orendain
84.6%
Orexa
84.6%
Villabona
84.6%
Itsaso
83.3%
Amezketa
83.1%
Elgeta
83.1%
Ezkio
83.1%
Segura
83.1%
Soraluze
83.1%
Urretxu
83.1%
Zaldibia
83.1%
Abaltzisketa
81.5%
Ibarra
81.5%
Idiazabal
81.5%
Ikaztegieta
81.5%
Zegama
81.5%
Aizarnazabal
80%
Ataun
80%
Berastegi
80%
Irura
80%
Lazkao
80%
Lizartza
80%
Ormaiztegi
80%
Altzo
78.5%
Anoeta
78.5%
Answer % Correct
Arama
78.5%
Asteasu
78.5%
Itsasondo
78.5%
Zerain
78.5%
Errezil
76.9%
Eskoriatza
76.9%
Hernialde
76.9%
Urnieta
76.9%
Aduna
75.4%
Alegia
75.4%
Alkiza
75.4%
Gaztelu
75.4%
Leintz-Gatzaga
75.4%
Mutiloa
75.4%
Altzaga
73.8%
Antzuola
73.8%
Beizama
73.8%
Gaintza
73.8%
Olaberria
73.8%
Baliarrain
72.3%
Leaburu
72.3%
Legorreta
72.3%
Larraul
70.8%
Albiztur
69.2%
Bidania-Goiatz
66.2%
Elduain
66.2%
Gabiria
66.2%
Belauntza
63.1%
Berrobi
61.5%

You're not logged in!

Compare scores with friends on all Sporcle quizzes.
OR
Log In

From the Vault

5-Letter Ends in 'D'

by sproutcm

These words all end with a thud.
Remove Ads.
Support Sporcle.
Get the best of Sporcle when you Go Orange. This ad-free experience offers more features, more stats, and more fun while also helping to support Sporcle. Thank you for becoming a member.

Show Comments

Extras

Top Quizzes Today


Score Distribution

Your Account Isn't Verified!

In order to create a playlist on Sporcle, you need to verify the email address you used during registration. Go to your Sporcle Settings to finish the process.

Report this User

Report this user for behavior that violates our Community Guidelines.

Details: